The revelation of the seven seals by our precious brother William Marrion Branham. (Record no. 16299)

000 -LEADER
fixed length control field 00573nam a2200169 a 4500
001 - CONTROL NUMBER
control field :::00019148$&:&@@
003 - CONTROL NUMBER IDENTIFIER
control field OkBaRHE
005 - DATE AND TIME OF LATEST TRANSACTION
control field 20010208101215.0
008 - FIXED-LENGTH DATA ELEMENTS--GENERAL INFORMATION
fixed length control field s1967 j 000 0 eng u
040 ## - CATALOGING SOURCE
Transcribing agency
100 1# - MAIN ENTRY--PERSONAL NAME
Personal name Branham, William Marrion (1909-1965)
245 14 - TITLE STATEMENT
Title The revelation of the seven seals by our precious brother William Marrion Branham.
260 ## - PUBLICATION, DISTRIBUTION, ETC. (IMPRINT)
Place of publication, distribution, etc Tuscon, Arizona
Name of publisher, distributor, etc Spoken Word Publication
Date of publication, distribution, etc 1967
300 ## - PHYSICAL DESCRIPTION
Extent 579 p.
942 ## - ADDED ENTRY ELEMENTS (KOHA)
Source of classification or shelving scheme
Koha item type Books
Copies
Koha item type Withdrawn status Source of classification or shelving scheme Date last seen Full call number Permanent Location Barcode Price effective from Lost status Damaged status Copy number Not for loan Shelving location Current Location Date acquired
Books  2018-04-03BS 2825.4 .B7RHEMA Bible Training College191482010-04-14  1 General StacksRHEMA Bible Training College2010-04-14